Irulil Ninnu (Record no. 74938)
[ view plain ]
| 000 -LEADER | |
|---|---|
| fixed length control field | 00470nam a2200169Ia 4500 |
| 003 - CONTROL NUMBER IDENTIFIER | |
| control field | OSt |
| 005 - DATE AND TIME OF LATEST TRANSACTION | |
| control field | 20250408151830.0 |
| 008 - FIXED-LENGTH DATA ELEMENTS--GENERAL INFORMATION | |
| fixed length control field | 211109s9999||||xx |||||||||||||| ||und|| |
| 040 ## - CATALOGING SOURCE | |
| Transcribing agency | SBCL |
| 082 ## - DEWEY DECIMAL CLASSIFICATION NUMBER | |
| Classification number | 894.8122 |
| Item number | OYO-I |
| 100 ## - MAIN ENTRY--PERSONAL NAME | |
| Personal name | Oyoor, M P |
| 245 #0 - TITLE STATEMENT | |
| Title | Irulil Ninnu |
| 260 ## - PUBLICATION, DISTRIBUTION, ETC. | |
| Name of publisher, distributor, etc. | Current Books |
| Place of publication, distribution, etc. | Trichur |
| Date of publication, distribution, etc. | 1978 |
| 630 ## - SUBJECT ADDED ENTRY--UNIFORM TITLE | |
| General subdivision | General Stack |
| 650 ## - SUBJECT ADDED ENTRY--TOPICAL TERM | |
| Topical term or geographic name entry element | Literature & rhetoric |
| 942 ## - ADDED ENTRY ELEMENTS (KOHA) | |
| Koha item type | BOOK |
| 650 ## - SUBJECT ADDED ENTRY--TOPICAL TERM | |
| Form subdivision | Literatures of other languages |
| Source of heading or term | Altaic, Uralic, Hyperborean & Dravidian |
| Withdrawn status | Lost status | Source of classification or shelving scheme | Damaged status | Not for loan | Home library | Current library | Date acquired | Cost, normal purchase price | Total Checkouts | Full call number | Barcode | Shelving location | Date last seen | Price effective from | Koha item type |
|---|---|---|---|---|---|---|---|---|---|---|---|---|---|---|---|
| Dewey Decimal Classification | SB LIBRARY | SB LIBRARY | 09/11/2021 | 1.25 | 894.8122 OYO-I | 00059362 | GENERAL STACK | 09/11/2021 | 09/11/2021 | BOOK |